Detention and Corrections Caselaw Quarterly

Bibliographic Details
Format: eBook
Language:English
Published: Saint Paul: CRS, Inc., 2006 -
Subjects:
Online Access:Acceso restringido

MARC

LEADER 00000nam a22000007a 4500
005 2019092606006.0
007 cr|||| ||||
008 190926c20069999us qr|w s|||| 0|||b1eng d
035 |a 20187 
040 |a vLex 
090 |c 9650  |d 9650 
245 0 0 |a Detention and Corrections Caselaw Quarterly  |h [Recurso electrn̤ico] / 
256 |a Servicio en ln̕ea 
260 |a Saint Paul:  |b CRS, Inc.,  |c 2006 - 
300 |a 1 recurso electrn̤ico 
310 |a Trimestral 
506 1 |a Disponible solo en los productos indicados  |d vLex Global  |d vLex Global (Academic Edition, excluding Law Schools)  |d vLex Global (Academic Edition, Law Schools) 
650 0 4 |a Derecho Penal  |z Estados Unidos 
650 0 4 |a Derecho Procesal  |z Estados Unidos 
740 0 |a vLex Revistas (Servicio en ln̕ea) 
856 4 0 |u http://vlex.com/source/detention-corrections-caselaw-quarterly-20187  |z Acceso restringido 
942 |c REV 
999 0 |a Criminal Law 
999 0 |a Procedural Law